000 00321nam a2200133Ia 4500
005 20260328101458.0
008 260328s9999||||xx |||||||||||||| ||und||
100 _aSzabo, Aniko
245 0 _aBuenos Aires por Arte de magia /
_cAniko Szabo
260 _bGaglianone
300 _a81 p.
650 _aURBANISMO
942 _cBK
999 _c8887
_d8887